000
00266nam a2200097Ia 4500
005
20251222114416.0
008
251222s1900||||xx |||||||||||||| ||spa||
082
_a
DVD0070/V28/1996
245
0
_a
Uncovering the real dickens:Descubriendo al verdadero Dickens
942
_c
DVD
999
_c
2224
_d
2224